Stati per Tasso di disoccupazione - Statistics

Statistiche generali
  • Questo quiz è stato fatto 6 volte
  • Il punteggio medio è 9 su 15
Statistiche sulle risposte
Tasso di disoccupazione (%) Continente Nazione % Corretto
19,90 Africa Somalia
100%
27,93 Africa Gibuti
80%
21,70 Africa Namibia
80%
19,80 Africa Sudan
80%
20,68 Africa Botswana
60%
22,00 America del Nord Costa Rica
60%
24,39 Africa eSwatini
60%
22,30 Africa Gabon
60%
19,60 Africa Libia
60%
19,90 Europa Montenegro
60%
20,15 America del Nord Saint Lucia
60%
18,80 America del Nord Saint Vincent e Grenadine
60%
20,40 Asia Georgia
40%
22,80 Asia Giordania
40%
32,60 Africa Sudafrica
40%
Nessun quiz corrispondente trovato
Distribuzione punteggi
Percentuale di utenti per punteggio
Percentile per numero di risposta
I tuoi punteggi nel tempo
Non hai fatto questo quiz